Every AEW World Champion - Statistics

General Stats
  • This quiz has been taken 197 times
    119 since last reset
  • The average score is 7 of 8
Answer Stats
Reign No. Date of Title Win Duration of Reign Champion % Correct
1 August 31, 2019 182 days Chris Jericho
94%
1 February 29, 2020 277 days Jon Moxley
94%
Interim Champion June 26, 2022 59 days Jon Moxley
94%
2 August 24, 2022 11 days Jon Moxley
94%
1 May 29, 2022 87 days CM Punk
93%
2 September 4, 2022 3 days CM Punk
93%
1 December 2, 2020 346 days Kenny Omega
92%
1 November 13, 2021 197 days Adam Page
89%
No matching quizzes found
Score Distribution
Percent of People with Each Score
Percentile by Number Answered
Your Score History
You have not taken this quiz since the last reset